000 00531nam a2200181 i 4500
001 62031
003 ES-MaACL
005 20230906164609.0
007 t|
008 031117s1926 it ||||1| ita d
100 1 _aFano, Gino.
_948807
245 1 0 _aLezioni de geometria descrittiva date nel R. Politecnico di Torino /
_cGino Fano.
250 _a3ª ed.
260 _aTorino :
_bG.B. Paravia e Comp.,
_c1926.
300 _aXX, 462, CXXIII p. ;
_c25 cm.
650 4 _aGeometría descriptiva.
_9136182
852 _aES-MaACL
_jA-1458
999 _c62031
_d62031